00633nam a2200193Ia 4500008004100000082001700041100001800058245002200076250000800098260002500106300001200131500002400143650001600167700001800183942000700201952010700208952010700315999001700422230524s9999 xx 000 0 und d a621.382bMIL aJacob Millman 0aMicroelectronics  a2ND aNEW DELHIbTMHc2006 aXVI;297 aQuantity Number: 2 aElectronics a Arvin Grabel cBK 00104070aTATCLbTATCLcGENd2023-05-24l0o621.382 MILp16255r2023-05-24w2023-05-24yBKzBCSE3303 00104070aTATCLbTATCLcGENd2023-05-24l0o621.382 MILp16256r2023-05-24w2023-05-24yBKzBCSE3303 c36754d36754